|
|
|
|
| LEADER |
03227nam a22005055i 4500 |
| 001 |
978-3-319-03777-6 |
| 003 |
DE-He213 |
| 005 |
20151030121046.0 |
| 007 |
cr nn 008mamaa |
| 008 |
140210s2014 gw | s |||| 0|eng d |
| 020 |
|
|
|a 9783319037776
|9 978-3-319-03777-6
|
| 024 |
7 |
|
|a 10.1007/978-3-319-03777-6
|2 doi
|
| 040 |
|
|
|d GrThAP
|
| 050 |
|
4 |
|a GE1-350
|
| 072 |
|
7 |
|a TQ
|2 bicssc
|
| 072 |
|
7 |
|a PSBT
|2 bicssc
|
| 072 |
|
7 |
|a SCI026000
|2 bisacsh
|
| 072 |
|
7 |
|a MED096000
|2 bisacsh
|
| 082 |
0 |
4 |
|a 571.95
|2 23
|
| 245 |
1 |
0 |
|a Reviews of Environmental Contamination and Toxicology
|h [electronic resource] /
|c edited by David M. Whitacre.
|
| 264 |
|
1 |
|a Cham :
|b Springer International Publishing :
|b Imprint: Springer,
|c 2014.
|
| 300 |
|
|
|a XI, 142 p. 14 illus.
|b online resource.
|
| 336 |
|
|
|a text
|b txt
|2 rdacontent
|
| 337 |
|
|
|a computer
|b c
|2 rdamedia
|
| 338 |
|
|
|a online resource
|b cr
|2 rdacarrier
|
| 347 |
|
|
|a text file
|b PDF
|2 rda
|
| 490 |
1 |
|
|a Reviews of Environmental Contamination and Toxicology, Continuation of Residue Reviews,
|x 0179-5953 ;
|v 229
|
| 505 |
0 |
|
|a Mercury Toxicity and Neurodegenerative Effects -- E-Waste Disposal Effects on the Aquatic Environment: Accra, Ghana -- Environmental Fate and Toxicology of Clomazone -- Modulation of Plant Growth and Metabolism in Cadmium-Enriched Environments -- Effect of Fruit and Vegetable Processing on Reduction of Synthetic Pyrethroid Residue -- Toxicity Reference Values for Polybrominated Diphenyl Ethers: Risk Assessment for Predatory Birds and Mammals from Two Chinese Lakes -- Index.
|
| 520 |
|
|
|a CONTENTS Foreword Preface Mercury Toxicity and Neurodegenerative Effects Alessia Carocci, Nicola Rovito, Maria Stefania Sinicropi, Giuseppe Genchi E-Waste Disposal Effects on the Aquatic Environment: Accra, Ghana Jingyu Huang, Philip Nti Nkrumah, Desmond Ofosu Anim, Ebenezer Mensah Environmental Fate and Toxicology of Clomazone April Van Scoy and Ronald S. Tjeerdema Modulation of Plant Growth and Metabolism in Cadmium-Enriched Environments Shaista Qadir, Sumiya Jamshieed, Saiema Rasool, Muhammad Ashraf, Nudrat Aisha Akram and Parvaiz Ahmad Effect of Fruit and Vegetable Processing on Reduction of Synthetic Pyrethroid Residues Reena Chauhan, Beena Kumari and M.K. Rana Toxicity Reference Values for Polybrominated Diphenyl Ethers: Risk Assessment for Predatory Birds and Mammals from Two Chinese Lakes Ruiqing Zhang, Jianyang Guo, Fengchang Wu, Yunsong Mu, John P. Giesy, Hong Chang, Xiaoli Zhao and Chenglian Feng Index.
|
| 650 |
|
0 |
|a Environment.
|
| 650 |
|
0 |
|a Environmental management.
|
| 650 |
|
0 |
|a Ecotoxicology.
|
| 650 |
|
0 |
|a Waste management.
|
| 650 |
1 |
4 |
|a Environment.
|
| 650 |
2 |
4 |
|a Ecotoxicology.
|
| 650 |
2 |
4 |
|a Environmental Management.
|
| 650 |
2 |
4 |
|a Waste Management/Waste Technology.
|
| 700 |
1 |
|
|a Whitacre, David M.
|e editor.
|
| 710 |
2 |
|
|a SpringerLink (Online service)
|
| 773 |
0 |
|
|t Springer eBooks
|
| 776 |
0 |
8 |
|i Printed edition:
|z 9783319037769
|
| 830 |
|
0 |
|a Reviews of Environmental Contamination and Toxicology, Continuation of Residue Reviews,
|x 0179-5953 ;
|v 229
|
| 856 |
4 |
0 |
|u http://dx.doi.org/10.1007/978-3-319-03777-6
|z Full Text via HEAL-Link
|
| 912 |
|
|
|a ZDB-2-EES
|
| 950 |
|
|
|a Earth and Environmental Science (Springer-11646)
|